| 000 | 00929nam a22002175i 4500 | ||
|---|---|---|---|
| 001 | 161905 | ||
| 003 | ES-MaACL | ||
| 005 | 20250707203636.0 | ||
| 008 | 990216s1896 sp |||| | spa d | ||
| 040 |
_aCCPB | B _bspa _cCCPB | B |
||
| 100 | 1 |
_aPérez Pujol, Eduardo. _991101 |
|
| 245 | 1 | 0 |
_aHistoria de las Instituciones sociales de la España Goda / _cobra póstuma del excmo Sr. Eduardo Pérez Pujol ; con un prólogo de Vicente Santamaría de Paredes. |
| 260 |
_aValencia : _b[s.n.], _c1896 ( _fEstablecimiento tipográfico de F. Vives Mora) |
||
| 300 |
_a4 v. ; _c25 cm. |
||
| 597 | _aAntep. | ||
| 597 | _aT.I. (XXIV, XXVI, 621 p.) -- T.II. (318 p.) -- T.III. (582 p.) -- T.IV. (568 p.) | ||
| 651 | 7 |
_aEspaña- _xHistoria- _y0414-0711, Época visigoda _2 _9162046 |
|
| 700 | 1 |
_aSantamaría de Paredes, Vicente, _d1853-1924 _9103306 |
|
| 852 |
_aES-MaACL _jF-9637-40 _z-- Enc. pasta |
||
| 999 |
_c161905 _d161905 |
||